000 00716nam a2200217 a 4500
005 20220611063610.0
008 081110s2007 mx r 000 0 spa d
020 _a9707840609
035 _aUPN01000167544
049 _aI
050 4 _aG80
_bN6.3
100 1 _aNorth, Dan
245 1 0 _a100 cosas que debes saber sobre exploradores /
_cDan North ; tr. Héctor Escalona.
260 _aMéxico :
_bSigno,
_cc2007.
300 _a48 p. :
_bil. col.
440 0 _aCien cosas que debes saber sobre...
_pClub de lectores
534 _pTítulo original:
_tThings you should know about explorers
650 4 _aEXPLORADORES -
_vLITERATURA INFANTIL
_911226
650 0 _aAventuras y aventureros
_94121
905 _aInfantil
999 _c139655
_d139655